[Event "Asia-ch Blitz U20"]
[Site "Jamshedpur"]
[Date "2023.09.15"]
[Round "6"]
[White "Siddhant, Nath Jha"]
[Black "Nishanth, Dsouza"]
[Result "1-0"]
[WhiteElo "1443"]
[BlackElo "1430"]
[PlyCount "83"]
[EventDate "2023.09.15"]
[EventType "swiss (blitz)"]
[EventRounds "9"]
[EventCountry "IND"]
[SourceTitle "EXT 2024"]
[Source "ChessBase"]
[SourceDate "2023.10.10"]
[SourceVersion "1"]
[SourceVersionDate "2023.10.10"]
[SourceQuality "1"]

1. e4 c5 2. Nf3 e6 3. d4 cxd4 4. Nxd4 a6 5. Nc3 Qc7 6. Be2 Bb4 7. Bd2 Nf6 8. Bd3 Nc6 9. Nxc6 dxc6 10. 0-0 e5 11. h3 0-0 12. Kh1 Be6 13. a3 Be7 14. f4 exf4 15. Bxf4 Bd6 16. Bxd6 Qxd6 17. Qe2 Qe5 18. g4 h6 19. Rg1 Nh7 20. Raf1 Ng5 21. Qg2 Bd7 22. h4 Ne6 23. Ne2 c5 24. c3 b5 25. Bb1 Bc6 26. Rf5 Qc7 27. g5 hxg5 28. hxg5 Qd7 29. Qg4 g6 30. Rf2 Ng7 31. Qh4 Rfe8 32. Rh2 Nh5 33. Ng3 Nxg3+ 34. Rxg3 Qd1+ 35. Rg1 Qh5 36. Qf4 Qxh2+ 37. Kxh2 Rad8 38. Kg3 Re6 39. Rh1 Rd7 40. Qb8+ Rd8 41. Qxd8+ Re8 42. Qf6 1-0

[Event "Asia-ch U20"]
[Site "Jamshedpur"]
[Date "2023.09.10"]
[Round "2"]
[White "Nishanth, Dsouza"]
[Black "Singla, Aaryan"]
[Result "1/2-1/2"]
[WhiteElo "1430"]
[BlackElo "1798"]
[PlyCount "107"]
[EventDate "2023.09.09"]
[EventType "swiss"]
[EventRounds "9"]
[EventCountry "IND"]
[SourceTitle "EXT 2024"]
[Source "ChessBase"]
[SourceDate "2023.10.10"]
[SourceVersion "1"]
[SourceVersionDate "2023.10.10"]
[SourceQuality "1"]

1. e4 c5 2. Nf3 Nc6 3. d4 cxd4 4. Nxd4 Nf6 5. Nc3 d6 6. Bg5 e6 7. Qd2 a6 8. 0-0-0 Bd7 9. f4 h6 10. Bh4 g5 11. fxg5 Ng4 12. Nxc6 Bxc6 13. Be2 Ne5 14. Rhf1 Be7 15. Kb1 hxg5 16. Bg3 Qc7 17. Qe3 f6 18. h4 gxh4 19. Bxe5 dxe5 20. Bg4 Bd7 21. Qh3 Qc6 22. Rxd7 Kxd7 23. Rd1+ Kc7 24. Bxe6 Rad8 25. Nd5+ Kb8 26. Rd3 Qc5 27. b4 Qg1+ 28. Kb2 Bf8 29. Qf3 Bxb4 30. Qxf6 Rhf8 31. Qxe5+ Bd6 32. Qg5 Qh2 33. Nb6 Qe5+ 34. Qxe5 Bxe5+ 35. Kb3 Rxd3+ 36. cxd3 Rf2 37. Nd7+ Kc7 38. Nxe5 Kd6 39. Ng4 Rxg2 40. Bf5 h3 41. d4 h2 42. Nxh2 Rxh2 43. a3 b6 44. Bc8 a5 45. a4 Rh1 46. Ba6 Re1 47. Bd3 Rc1 48. Bc2 Rg1 49. Kc4 Rc1 50. Kb3 Ke6 51. Kb2 Re1 52. Kc3 Kf6 53. Kc4 Rc1 54. Kb3 1/2-1/2

[Event "Asia-ch Rapid U20"]
[Site "Jamshedpur"]
[Date "2023.09.08"]
[Round "2"]
[White "Vikramaditya, Abhijit Chavan"]
[Black "Nishanth, Dsouza"]
[Result "1-0"]
[WhiteElo "1613"]
[BlackElo "1388"]
[PlyCount "139"]
[EventDate "2023.09.08"]
[EventType "swiss (rapid)"]
[EventRounds "9"]
[EventCountry "IND"]
[SourceTitle "EXT 2024"]
[Source "ChessBase"]
[SourceDate "2023.10.10"]
[SourceVersion "1"]
[SourceVersionDate "2023.10.10"]
[SourceQuality "1"]

1. d4 Nf6 2. Bf4 d5 3. e3 e6 4. c3 Bd6 5. Bxd6 Qxd6 6. Nf3 Nbd7 7. Nbd2 c5 8. Bd3 b6 9. e4 dxe4 10. Nxe4 Qc7 11. dxc5 Nxc5 12. Bb5+ Bd7 13. Nxf6+ gxf6 14. Bxd7+ Nxd7 15. Qa4 Rg8 16. g3 Qb7 17. 0-0-0 b5 18. Qf4 Rc8 19. Nd2 b4 20. Ne4 Rc6 21. Nd6+ Rxd6 22. Qxd6 bxc3 23. b3 Rg5 24. Rhe1 Ra5 25. Re2 Ra6 26. Qd3 Rc6 27. Rc2 Qc7 28. Qxh7 Ne5 29. Qe4 f5 30. Qa4 Kf8 31. f4 Ng4 32. Rd3 Kg8 33. Qd4 Kh7 34. Rdxc3 Rxc3 35. Qxc3 Qb6 36. Kb2 Ne3 37. Rd2 Nd5 38. Qd4 Qa5 39. Kc1 Qa3+ 40. Qb2 Qc5+ 41. Qc2 Qg1+ 42. Kb2 Qb6 43. Rxd5 exd5 44. Qxf5+ Kg8 45. Qxd5 Qf2+ 46. Ka3 Qg1 47. Qg5+ Kf8 48. Qd8+ Kg7 49. Qd2 Qc5+ 50. Kb2 Kg8 51. g4 a5 52. h4 Qb6 53. g5 a4 54. h5 Qa6 55. Qd8+ Kh7 56. b4 Qe2+ 57. Ka3 Qb5 58. Qd4 Qc6 59. f5 Qc1+ 60. Kxa4 Qc6+ 61. b5 Qc2+ 62. Kb4 Qb1+ 63. Ka5 Qxa2+ 64. Kb6 Qb3 65. g6+ fxg6 66. hxg6+ Kh6 67. Qh4+ Kg7 68. Qh7+ Kf6 69. Qf7+ Qxf7 70. gxf7 1-0